000 03732cam a22004338i 4500
999 _c16686
_d16686
001 21452146
003 OSt
005 20220307144939.0
008 200218s2020 enk b 001 0 eng
010 _a 2019055069
020 _a9781138799097
_q(hardback)
020 _a9781138799103
_q(paperback)
020 _z9781315756233
_q(ebook)
040 _aLBSOR/DLC
_beng
_erda
_cDLC
042 _apcc
043 _ad------
050 0 0 _aJZ1242
_b.I5764 2020
082 0 0 _a2020
_2DC 327.091724
_bIn821
245 0 0 _aInternational relations from the global South:
_bworlds of difference/
_cedited by Arlene B. Tickner and Karen Smith.
263 _a2006
264 1 _aNew York, NY:
_bRoutledge,
_c©2020.
300 _aviii, 350 pages;
_c24 cm.
336 _atext
_btxt
_2rdacontent
337 _aunmediated
_bn
_2rdamedia
338 _avolume
_bnc
_2rdacarrier
490 0 _aWording beyond the West
500 _aIncludes index.
505 0 _aIntroduction: International relations from the global South / Karen Smith and Arlene B. Tickner -- The global IR debate in the classroom / Wiebke Wemheuer-Vogelaar, Ingo Peters, Laura Kemmer, Alina Kleinn, Luisa Linke-Behrens, and Sabine Mokry -- Where, when and what is IR? / David L. Blaney -- IR and the making of the white man's world / Peter Vale and Vineet Thakur -- Order, ordering and disorder / Karen Smith -- The international / Amy Niang -- War and conflict / Arlene B. Tickner -- State and sovereignty / Navnita Chadha Behera -- Religion, secularism and nationalism / Aparna Devare -- Security / Pinar Bilgin -- Foreign policy / Asli Calkivik -- Globalization / John M. Hobson -- Inequality / Joao Pontes Nogueira -- Migration / Nizar Messari -- Resistances / Carolina Cepeda Másmela -- Socio-environmentalism / Cristina Inoue and Matias Franchini -- South-South talk / L.H.M. Ling and Carolina M. Pinheiro.
520 _a"The claim that world politics looks different depending upon one's location is now commonplace within the field of International Relations (IR). This exciting new textbook offers students a text that speaks to the main concepts, categories and issues of world politics from the vantagepoints of the global South. International Relations from the Global South: Worlds of Difference examines the ways in which world politics have been addressed by traditional core approaches and explores the limitations of these treatments for understanding both Southern and Northern experiences of the "international". The book encourages the reader to consider how key ideas have been developed in the discipline, and through systematic interventions by contributors from around the globe, aims at both transforming and enriching the dominant terms of scholarly debate. Each chapter is written according to a common structure, providing concrete examples of global South perspectives on world affairs, as well as discussion questions and suggestions for further reading. Drawing on a wide range of literatures, case studies and knowledges, this textbook is the first to speak to and from the global South, and will provide a new dimension to a variety of courses on international relations and IR theory. It is essential reading for students and teachers alike"--
_cProvided by publisher.
650 0 _aInternational relations
_vTextbooks.
_944570
650 0 _aInternational relations
_xPhilosophy.
_944571
651 0 _aDeveloping countries
_xForeign relations.
_944572
651 0 _aDeveloping countries
_xPolitics and government.
_944573
700 1 _aTickner, Arlene B.,
_d1964-
_eeditor.
_944574
700 1 _aSmith, Karen,
_d1974-
_eeditor.
_944575
906 _a7
_bcbc
_corignew
_d1
_eecip
_f20
_gy-gencatlg
942 _2ddc
_cDC